[Event "Brasov GP RO"]
[Site "Brasov"]
[Date "2023.07.17"]
[Round "2"]
[White "Petkov, Momchil"]
[Black "Magold, Victor"]
[Result "1-0"]
[WhiteElo "2513"]
[BlackElo "2038"]
[PlyCount "116"]
[EventDate "2023.07.16"]
[EventType "swiss"]
[EventRounds "9"]
[EventCountry "ROU"]
[SourceTitle "CBM 215 Extra"]
[Source "ChessBase"]
[SourceDate "2023.09.30"]
[SourceVersion "1"]
[SourceVersionDate "2023.09.30"]
[SourceQuality "1"]

1. d4 d5 2. c4 dxc4 3. Nf3 Nf6 4. e3 e6 5. Bxc4 c5 6. Nc3 a6 7. Bb3 Nc6 8. 0-0 Be7 9. dxc5 Qxd1 10. Rxd1 Bxc5 11. Bd2 Bd7 12. Na4 Ba7 13. Rac1 Ne4 14. Be1 Ke7 15. Bc2 Nf6 16. b4 Rhd8 17. Nc5 Bxc5 18. bxc5 Rac8 19. Rb1 Rc7 20. Nd4 Rdc8 21. Nb3 Ke8 22. Bc3 e5 23. f4 Be6 24. fxe5 Nd5 25. Bd2 Nxe5 26. e4 Ne7 27. Be3 N7c6 28. Rbc1 Nc4 29. Bf4 Re7 30. Bb1 Nb4 31. Nd4 Na3 32. Bd6 Rd7 33. Nxe6 fxe6 34. c6 Rxd6 35. Rxd6 Rxc6 36. Rdxc6 bxc6 37. e5 h6 38. Bg6+ Kd7 39. Rf1 Nc4 40. Rf4 Nxe5 41. Rxb4 Nxg6 42. Rg4 Ne5 43. Rxg7+ Kd6 44. Kf2 Nd3+ 45. Ke3 Nb4 46. Rh7 Nxa2 47. Rxh6 Ke5 48. Rh5+ Kf6 49. Rh4 Nc3 50. Rc4 Nd5+ 51. Ke4 Ne7 52. Ra4 c5 53. Rc4 a5 54. Rxc5 a4 55. Ra5 Nd5 56. Kd4 Nf4 57. g3 Ne2+ 58. Kd3 Nc1+ 1-0

[Event "Geoagiu Bai Hunedoara op"]
[Site "Geoagiu Bai"]
[Date "2022.10.19"]
[Round "5"]
[White "Panjer, Sidney"]
[Black "Magold, Victor"]
[Result "1/2-1/2"]
[WhiteElo "2197"]
[BlackElo "2107"]
[PlyCount "106"]
[EventDate "2022.10.16"]
[EventType "swiss"]
[EventRounds "9"]
[EventCountry "ROU"]
[SourceTitle "CBM 210 Extra"]
[Source "ChessBase"]
[SourceDate "2022.11.30"]
[SourceVersion "1"]
[SourceVersionDate "2022.11.30"]
[SourceQuality "1"]

1. Nf3 d5 2. d4 Nf6 3. c4 dxc4 4. e3 c5 5. Bxc4 cxd4 6. exd4 e6 7. 0-0 Nc6 8. Nc3 Be7 9. Re1 0-0 10. a3 b6 11. Bg5 h6 12. Bh4 Bb7 13. Ba2 Nh5 14. Bxe7 Nxe7 15. Ne5 Nf6 16. Nxf7 Rxf7 17. Bxe6 Ned5 18. Qb3 Kf8 19. Bxf7 Kxf7 20. Re5 Kf8 21. Nxd5 Bxd5 22. Qe3 Qd7 23. h3 Rc8 24. Re1 Rc7 25. Qf4 Kg8 26. R1e3 Bf7 27. Re1 Nd5 28. Qd2 a5 29. Rc1 Rc6 30. Rxc6 Qxc6 31. Kh2 Qd6 32. Kg1 Ne7 33. Qf4 Qd7 34. Qe4 Nd5 35. Kh2 Qd6 36. Kg1 Nf6 37. Qd3 Bd5 38. Qc3 Bc6 39. Qc4+ Bd5 40. Qb5 Bf7 41. Qd3 Nd7 42. Re1 Nc5 43. Qe3 Ne6 44. Rd1 Nc7 45. Qe5 Qc6 46. Qf5 Nd5 47. Re1 Qc4 48. Qe4 Qb3 49. Qe2 Nf6 50. Rc1 Qd5 51. Qe5 Qb3 52. Qe2 Qd5 53. Qe5 Qb3 1/2-1/2

[Event "Geoagiu Bai Hunedoara op"]
[Site "Geoagiu Bai"]
[Date "2022.10.18"]
[Round "4"]
[White "Magold, Victor"]
[Black "Nastore, Pavel Alexandru"]
[Result "1/2-1/2"]
[WhiteElo "2107"]
[BlackElo "2286"]
[PlyCount "117"]
[EventDate "2022.10.16"]
[EventType "swiss"]
[EventRounds "9"]
[EventCountry "ROU"]
[SourceTitle "CBM 210 Extra"]
[Source "ChessBase"]
[SourceDate "2022.11.30"]
[SourceVersion "1"]
[SourceVersionDate "2022.11.30"]
[SourceQuality "1"]

1. d4 Nf6 2. c4 e6 3. Nc3 c5 4. d5 exd5 5. cxd5 d6 6. Nf3 g6 7. Bf4 a6 8. a4 Bg7 9. h3 0-0 10. e3 Ne8 11. Be2 Nd7 12. 0-0 Ne5 13. Nxe5 Bxe5 14. Bxe5 dxe5 15. e4 Nd6 16. Qd2 b6 17. f4 Re8 18. f5 gxf5 19. Qh6 f6 20. Bh5 Rf8 21. Bg6 Qe7 22. Bxf5 Bxf5 23. exf5 b5 24. Qe3 c4 25. axb5 axb5 26. Qc5 Rac8 27. Qb4 Qd7 28. g4 Ra8 29. Kh1 Rfd8 30. Qc5 Rac8 31. Qb4 Qb7 32. Rg1 h6 33. Rg2 Qb6 34. Kh2 Kf7 35. Re2 Ra8 36. Ra3 Rdc8 37. Kg2 h5 38. Ne4 Nxe4 39. Rxe4 Rxa3 40. Qxa3 b4 41. Qa4 Qd6 42. Qb5 c3 43. bxc3 bxc3 44. Rc4 Rc7 45. Rxc7+ Qxc7 46. d6 Qxd6 47. Qc4+ Kg7 48. Qxc3 Qd5+ 49. Kg3 hxg4 50. hxg4 Qd6 51. Kf3 Qd1+ 52. Kg3 Qg1+ 53. Kf3 Qf1+ 54. Kg3 Qf4+ 55. Kh3 e4 56. Qc5 Qf3+ 57. Kh4 Qh1+ 58. Kg3 Qf3+ 59. Kh4 1/2-1/2

[Event "Geoagiu Bai Hunedoara op"]
[Site "Geoagiu Bai"]
[Date "2022.10.17"]
[Round "2"]
[White "Magold, Victor"]
[Black "Secheres, Adrian Simion"]
[Result "0-1"]
[WhiteElo "2107"]
[BlackElo "2375"]
[PlyCount "52"]
[EventDate "2022.10.16"]
[EventType "swiss"]
[EventRounds "9"]
[EventCountry "ROU"]
[SourceTitle "CBM 210 Extra"]
[Source "ChessBase"]
[SourceDate "2022.11.30"]
[SourceVersion "1"]
[SourceVersionDate "2022.11.30"]
[SourceQuality "1"]

1. d4 Nf6 2. c4 g6 3. Nc3 Bg7 4. Nf3 0-0 5. e4 d6 6. Be2 Nbd7 7. 0-0 e5 8. Be3 Qe7 9. dxe5 dxe5 10. Qb3 c6 11. Rad1 Re8 12. h3 Nh5 13. Rd2 Nf4 14. Rfd1 Nf8 15. c5 N8e6 16. Rd6 Ng5 17. Nxg5 Qxg5 18. Bxf4 exf4 19. Kf1 Qxc5 20. Bc4 Rf8 21. a4 f3 22. g4 Qg5 23. Nb1 h5 24. Qxf3 hxg4 25. Qg2 Qh5 26. h4 Be5 0-1

[Event "Geoagiu Bai Hunedoara op"]
[Site "Geoagiu Bai"]
[Date "2022.10.16"]
[Round "1"]
[White "David, Alexandru Vasile"]
[Black "Magold, Victor"]
[Result "1/2-1/2"]
[WhiteElo "2417"]
[BlackElo "2107"]
[PlyCount "65"]
[EventDate "2022.10.16"]
[EventType "swiss"]
[EventRounds "9"]
[EventCountry "ROU"]
[SourceTitle "CBM 210 Extra"]
[Source "ChessBase"]
[SourceDate "2022.11.30"]
[SourceVersion "1"]
[SourceVersionDate "2022.11.30"]
[SourceQuality "1"]

1. d4 Nf6 2. c4 e6 3. Nc3 Bb4 4. e3 b6 5. Nge2 c5 6. a3 Ba5 7. Rb1 Na6 8. Ng3 Bb7 9. f3 0-0 10. Bd3 Rc8 11. 0-0 Bxc3 12. bxc3 d5 13. Qe2 Nb8 14. cxd5 Nxd5 15. Bb2 cxd4 16. cxd4 Nc3 17. Bxc3 Rxc3 18. a4 e5 19. f4 exd4 20. e4 Rxd3 21. Qxd3 Ba6 22. Rb5 Nc6 23. Rd1 Qh4 24. Qf3 Bxb5 25. axb5 Ne7 26. Ne2 Rd8 27. g3 Qf6 28. e5 Qe6 29. Rxd4 Rd5 30. Qa3 g6 31. Rxd5 Nxd5 32. Qxa7 Qc8 33. Qa3 1/2-1/2

[Event "Arad op 15th"]
[Site "Arad"]
[Date "2022.08.10"]
[Round "4"]
[White "Magold, Victor"]
[Black "Ardeleanu, Alin"]
[Result "1/2-1/2"]
[WhiteElo "2088"]
[BlackElo "2283"]
[PlyCount "78"]
[EventDate "2022.08.08"]
[EventType "swiss"]
[EventRounds "9"]
[EventCountry "ROU"]
[SourceTitle "CBM 209 Extra"]
[Source "ChessBase"]
[SourceDate "2022.09.30"]
[SourceVersion "1"]
[SourceVersionDate "2022.09.30"]
[SourceQuality "1"]

1. d4 Nf6 2. Nf3 g6 3. c4 Bg7 4. Nc3 0-0 5. g3 c6 6. e4 d5 7. e5 Ne4 8. Bg2 Nxc3 9. bxc3 dxc4 10. 0-0 Be6 11. Re1 Bd5 12. Ba3 Re8 13. Ng5 Bxg2 14. Kxg2 Qd5+ 15. Kg1 Na6 16. h4 f6 17. Ne4 Rad8 18. h5 f5 19. Ng5 c5 20. hxg6 hxg6 21. e6 cxd4 22. Nf7 Rc8 23. Qd2 Rc6 24. Qg5 Rxe6 25. Nh6+ Kh7 26. Ng4 Re4 27. f3 Rxe1+ 28. Rxe1 Qxf3 29. Nh2 Qh5 30. Qd2 e5 31. cxd4 e4 32. Kg2 Rh8 33. Qa5 Bxd4 34. Qd5 Bf6 35. Qf7+ Bg7 36. Bb2 Rg8 37. Rh1 Qe2+ 38. Kg1 Qe3+ 39. Kg2 Qe2+ 1/2-1/2

[Event "ROM-ch U18"]
[Site "Eforie Nord"]
[Date "2022.04.15"]
[Round "6"]
[White "Magold, Victor"]
[Black "Antal, Hunor Zoltan"]
[Result "1/2-1/2"]
[WhiteElo "2026"]
[BlackElo "2155"]
[PlyCount "52"]
[EventDate "2022.04.11"]
[EventType "swiss"]
[EventRounds "9"]
[EventCountry "ROU"]
[SourceTitle "EXT 2023"]
[Source "ChessBase"]
[SourceDate "2022.10.05"]
[SourceVersion "1"]
[SourceVersionDate "2022.10.05"]
[SourceQuality "1"]

1. d4 Nf6 2. c4 g6 3. Nf3 Bg7 4. g3 0-0 5. Bg2 d6 6. 0-0 Nc6 7. Nc3 e5 8. d5 Nb8 9. e4 a5 10. Ne1 Na6 11. Nd3 Nb4 12. b3 Nxd3 13. Qxd3 Nd7 14. Be3 f5 15. f3 f4 16. Bf2 Nc5 17. Qc2 Bd7 18. Rad1 g5 19. g4 h5 20. h3 hxg4 21. hxg4 b6 22. a3 a4 23. b4 Nb3 24. Qd3 Qf6 25. Bh3 Kf7 26. Kg2 Rh8 1/2-1/2

[Event "ROM-ch U18"]
[Site "Eforie Nord"]
[Date "2022.04.14"]
[Round "5"]
[White "Stepanencu, Nicodim Cosmin"]
[Black "Magold, Victor"]
[Result "0-1"]
[WhiteElo "2280"]
[BlackElo "2026"]
[PlyCount "86"]
[EventDate "2022.04.11"]
[EventType "swiss"]
[EventRounds "9"]
[EventCountry "ROU"]
[SourceTitle "EXT 2023"]
[Source "ChessBase"]
[SourceDate "2022.10.05"]
[SourceVersion "1"]
[SourceVersionDate "2022.10.05"]
[SourceQuality "1"]

1. d4 Nf6 2. c4 e6 3. Nf3 b6 4. g3 Bb4+ 5. Bd2 Be7 6. Nc3 Bb7 7. Qb1 c5 8. d5 exd5 9. cxd5 d6 10. Bg2 0-0 11. 0-0 Nbd7 12. e4 Re8 13. Re1 Ng4 14. h3 Nge5 15. Nxe5 Nxe5 16. f4 Nc4 17. Bc1 Bf6 18. Qc2 Bd4+ 19. Kh2 Na5 20. Nb5 Bf6 21. Bd2 Be7 22. b4 cxb4 23. Rac1 Rc8 24. Qa4 a6 25. Rxc8 Bxc8 26. Nd4 b5 27. Qxb4 Nc4 28. Nc6 Qb6 29. Bc3 Qf2 30. a4 Bh4 31. gxh4 Qxf4+ 32. Kg1 Qg3 33. Re2 Bxh3 34. Be1 Qg4 35. Qc3 Qxe2 36. Bxh3 Rxe4 37. Bf2 Qd1+ 38. Kg2 Qxd5 39. Nb4 Qd1 40. Bf5 Rf4 41. Qh3 Qe2 42. Nd3 Rxf5 43. Qxf5 Ne3+ 0-1

[Event "Arad op-A 14th"]
[Site "Arad"]
[Date "2021.08.04"]
[Round "7"]
[White "Magold, Victor"]
[Black "Dinca, Ovidiu"]
[Result "1-0"]
[WhiteElo "2114"]
[BlackElo "1800"]
[PlyCount "97"]
[EventDate "2021.07.30"]
[EventType "swiss"]
[EventRounds "9"]
[EventCountry "ROU"]
[SourceTitle "CBM 203 Extra"]
[Source "ChessBase"]
[SourceDate "2021.09.30"]
[SourceVersion "1"]
[SourceVersionDate "2021.09.30"]
[SourceQuality "1"]

1. d4 Nf6 2. Nf3 e6 3. c4 c5 4. d5 exd5 5. cxd5 d6 6. Nc3 a6 7. a4 g6 8. Bf4 Bg7 9. h3 0-0 10. e3 Re8 11. Bd3 b6 12. 0-0 Bb7 13. Bc4 Ne4 14. Qc2 Nxc3 15. bxc3 Qc7 16. Rab1 Nd7 17. Qb3 Rab8 18. Rfe1 Bc8 19. Bh2 Nf6 20. Bd3 b5 21. axb5 axb5 22. Bxb5 Bd7 23. c4 Bxb5 24. cxb5 Ne4 25. Rec1 Rb7 26. b6 Qd7 27. Rc4 f5 28. Bf4 h6 29. h4 Reb8 30. Rxe4 fxe4 31. Nd2 Rxb6 32. Qxb6 Rxb6 33. Rxb6 Qa4 34. Rxd6 Qd1+ 35. Nf1 Kf8 36. Rxg6 Qxd5 37. Rd6 Qb3 38. Bxh6 Bxh6 39. Rxh6 Qd5 40. Rh8+ Kf7 41. Rc8 c4 42. Ng3 Qd1+ 43. Kh2 Qc2 44. h5 Kg7 45. Rc7+ Kh6 46. Rc6+ Kh7 47. Kh3 Qd3 48. Rc7+ Kh6 49. Kg4 1-0

[Event "ROM-ch"]
[Site "Iasi"]
[Date "2021.04.22"]
[Round "5"]
[White "Magold, Victor"]
[Black "Ghimpu, Samuel Timotei"]
[Result "1/2-1/2"]
[WhiteElo "2014"]
[BlackElo "2315"]
[PlyCount "60"]
[EventDate "2021.04.19"]
[EventType "swiss"]
[EventRounds "9"]
[EventCountry "ROU"]
[SourceTitle "CBM 202 Extra"]
[Source "ChessBase"]
[SourceDate "2021.07.31"]
[SourceVersion "1"]
[SourceVersionDate "2021.07.31"]
[SourceQuality "1"]

1. d4 Nf6 2. Nf3 g6 3. g3 Bg7 4. c4 0-0 5. Bg2 d6 6. 0-0 Nc6 7. Nc3 Bf5 8. Nh4 Bd7 9. b3 a5 10. Bb2 e5 11. dxe5 dxe5 12. Qd2 Re8 13. Nd5 Nxd5 14. cxd5 Nd4 15. Nf3 Nb5 16. e4 a4 17. Rac1 Qf6 18. Rc4 axb3 19. axb3 Qb6 20. Rfc1 Ra2 21. Ra4 Bh6 22. Qxh6 Rxb2 23. Rf1 f6 24. Bh3 Bxh3 25. Qxh3 Nd6 26. Qd7 Qxb3 27. Nh4 Rb1 28. Ra1 Rxf1+ 29. Rxf1 Qc4 30. Ng2 Qxe4 1/2-1/2

[Event "ROM-ch"]
[Site "Iasi"]
[Date "2021.04.21"]
[Round "4"]
[White "Tocan, Cristian"]
[Black "Magold, Victor"]
[Result "0-1"]
[WhiteElo "2236"]
[BlackElo "2014"]
[PlyCount "86"]
[EventDate "2021.04.19"]
[EventType "swiss"]
[EventRounds "9"]
[EventCountry "ROU"]
[SourceTitle "CBM 202 Extra"]
[Source "ChessBase"]
[SourceDate "2021.07.31"]
[SourceVersion "1"]
[SourceVersionDate "2021.07.31"]
[SourceQuality "1"]

1. e4 c5 2. Nc3 e6 3. g3 Nc6 4. Bg2 Nf6 5. d3 d5 6. exd5 exd5 7. Bg5 Be6 8. Nge2 d4 9. Bxf6 Qxf6 10. Ne4 Qe7 11. 0-0 0-0-0 12. Nf4 Bf5 13. Re1 Qd7 14. f3 h5 15. a3 Be7 16. Nf2 g5 17. Nxh5 Rxh5 18. g4 Rh4 19. gxf5 Rdh8 20. Ng4 Qxf5 21. Qe2 Bd6 22. Qe4 Bxh2+ 23. Nxh2 Rxe4 24. dxe4 Qf4 25. Ng4 Rh4 26. Rad1 f6 27. b4 Ne5 28. Nxe5 fxe5 29. bxc5 g4 30. fxg4 Qh2+ 31. Kf1 Rxg4 32. Re2 Kc7 33. Rdd2 Kc6 34. Rd3 Kxc5 35. Rf3 Rf4 36. Rff2 Qg3 37. Kg1 Rxf2 38. Rxf2 Qxa3 39. Bf1 Qg3+ 40. Bg2 a5 41. Kf1 a4 42. Rf3 Qxf3+ 43. Bxf3 a3 0-1

[Event "EU-ch Online U16"]
[Site "Tornelo INT"]
[Date "2020.09.20"]
[Round "7"]
[White "Magold, Victor"]
[Black "Ivanovic, Marko"]
[Result "0-1"]
[WhiteElo "1801"]
[BlackElo "2004"]
[PlyCount "102"]
[EventDate "2020.09.18"]
[EventType "swiss (rapid)"]
[EventRounds "9"]
[EventCountry "NET"]
[SourceTitle "EXT 2023"]
[Source "ChessBase"]
[SourceDate "2022.10.05"]
[SourceVersion "1"]
[SourceVersionDate "2022.10.05"]
[SourceQuality "1"]
[WhiteTeam "Romania"]
[BlackTeam "Serbia"]
[WhiteTeamCountry "ROU"]
[BlackTeamCountry "SRB"]

1. d4 Nf6 2. c4 c5 3. d5 b5 4. Nf3 bxc4 5. Nc3 d6 6. Bg5 Nbd7 7. e3 g6 8. Bxc4 Bg7 9. 0-0 0-0 10. Rc1 Rb8 11. b3 Ng4 12. Re1 h6 13. Bh4 f5 14. h3 Nge5 15. Nxe5 Nxe5 16. Bf1 g5 17. f4 gxh4 18. fxe5 Bxe5 19. Qh5 Qe8 20. Qxh4 Qg6 21. Ne2 Rb4 22. Nf4 Qg7 23. Rc4 a5 24. Qh5 Bd7 25. Be2 Kh7 26. Qf3 Rg8 27. Rf1 Qg5 28. Bd3 Kh8 29. Rf2 a4 30. Rxb4 cxb4 31. bxa4 Qh4 32. Ne2 Rg5 33. Kf1 Bxa4 34. Bxf5 Qc4 35. Be6 Bf6 36. g4 Qxa2 37. Nd4 Qa1+ 38. Kg2 Bd1 39. Qf4 b3 40. Nxb3 Bxb3 41. Qb4 Bxd5+ 42. Bxd5 Rxd5 43. Qb8+ Kg7 44. h4 Qe5 45. g5 hxg5 46. h5 Qe4+ 47. Kh3 Qh4+ 48. Kg2 Qxh5 49. Qb3 Qg4+ 50. Kh2 Be5+ 51. Kh1 Rd1+ 0-1

[Event "EU-ch Online U16"]
[Site "Tornelo INT"]
[Date "2020.09.18"]
[Round "1"]
[White "Budisavljevic, Luka"]
[Black "Magold, Victor"]
[Result "1-0"]
[WhiteElo "2083"]
[BlackElo "1801"]
[PlyCount "69"]
[EventDate "2020.09.18"]
[EventType "swiss (rapid)"]
[EventRounds "9"]
[EventCountry "NET"]
[SourceTitle "EXT 2023"]
[Source "ChessBase"]
[SourceDate "2022.10.05"]
[SourceVersion "1"]
[SourceVersionDate "2022.10.05"]
[SourceQuality "1"]
[WhiteTeam "Serbia"]
[BlackTeam "Romania"]
[WhiteTeamCountry "SRB"]
[BlackTeamCountry "ROU"]

1. d4 Nf6 2. Nf3 e6 3. Bf4 c5 4. e3 b6 5. Nc3 Bb7 6. Nb5 d6 7. dxc5 bxc5 8. Bxd6 Na6 9. Bxf8 Kxf8 10. Nd6 Bxf3 11. gxf3 Qa5+ 12. c3 Rd8 13. Qd2 Qb6 14. Nc4 Qc7 15. Qc2 g6 16. Bd3 Nd5 17. 0-0-0 Kg7 18. h4 Rd7 19. h5 Rhd8 20. hxg6 hxg6 21. f4 Ndb4 22. cxb4 Nxb4 23. Qc3+ f6 24. Bb1 Rxd1+ 25. Rxd1 Rxd1+ 26. Kxd1 Qc6 27. Ke2 Qh1 28. Nd2 Qh5+ 29. Nf3 Qh1 30. Qxc5 Nd5 31. Be4 Qa1 32. Bxd5 Qxb2+ 33. Kf1 exd5 34. Qxd5 Qb6 35. Nd4 1-0

[Event "EU-ch Online U16"]
[Site "Tornelo INT"]
[Date "2020.09.18"]
[Round "3"]
[White "Magold, Victor"]
[Black "Mathieu, Phileas"]
[Result "0-1"]
[WhiteElo "1801"]
[BlackElo "2045"]
[PlyCount "62"]
[EventDate "2020.09.18"]
[EventType "swiss (rapid)"]
[EventRounds "9"]
[EventCountry "NET"]
[SourceTitle "EXT 2023"]
[Source "ChessBase"]
[SourceDate "2022.10.05"]
[SourceVersion "1"]
[SourceVersionDate "2022.10.05"]
[SourceQuality "1"]
[WhiteTeam "Romania"]
[BlackTeam "France"]
[WhiteTeamCountry "ROU"]
[BlackTeamCountry "FRA"]

1. d4 Nf6 2. c4 c5 3. d5 b5 4. Nf3 Bb7 5. Nc3 b4 6. Nb1 e6 7. dxe6 fxe6 8. e3 Be7 9. Be2 0-0 10. 0-0 Nc6 11. b3 Qc7 12. Nbd2 Ne5 13. h3 Ne4 14. Nxe4 Bxe4 15. Nd2 Bb7 16. f4 Ng6 17. Bb2 Rad8 18. Bf3 d5 19. cxd5 exd5 20. Rc1 Kh8 21. Bh5 Bf6 22. Bxg6 Bxb2 23. Qh5 h6 24. Rc2 Bc3 25. Nf3 Rd6 26. Ne5 d4 27. exd4 Bxd4+ 28. Kh1 Rdf6 29. Nd3 Qd6 30. f5 Rxg6 31. Nf4 Rg5 0-1

[Event "Graz op-A"]
[Site "Graz"]
[Date "2020.02.20"]
[Round "8"]
[White "Magold, Victor"]
[Black "Milikow, Elie"]
[Result "0-1"]
[WhiteElo "2025"]
[BlackElo "2208"]
[PlyCount "150"]
[EventDate "2020.02.14"]
[EventType "swiss"]
[EventRounds "9"]
[EventCountry "AUT"]
[SourceTitle "CBM 195 Extra"]
[Source "ChessBase"]
[SourceDate "2020.05.31"]
[SourceVersion "1"]
[SourceVersionDate "2020.05.31"]
[SourceQuality "1"]

1. d4 Nf6 2. Nf3 g6 3. Nbd2 Bg7 4. e4 d6 5. Bd3 0-0 6. 0-0 Nfd7 7. c3 e5 8. dxe5 dxe5 9. b4 a5 10. b5 Qe7 11. Nc4 Nc5 12. Ba3 b6 13. Qe2 Bb7 14. Nfd2 Nbd7 15. Nb3 Rfd8 16. Ne3 Bf8 17. c4 Qg5 18. Nxc5 Nxc5 19. Nd5 Bxd5 20. cxd5 Bd6 21. Bc1 Qe7 22. Re1 Nb7 23. Bb2 Ba3 24. Bc3 Bb4 25. Rac1 Bxc3 26. Rxc3 Nc5 27. Bc2 Qd6 28. Qg4 Qf6 29. Rf3 Qe7 30. Bb3 Rd6 31. Rfe3 a4 32. Bc4 a3 33. Qf3 Rf6 34. Qh3 Nb7 35. Qh4 Kg7 36. Rf3 Qd6 37. Rh3 h5 38. Rhe3 Ra4 39. Bb3 Rd4 40. Qg3 Nc5 41. Bc2 Rf4 42. R3e2 Nb7 43. Qc3 Qc5 44. Qxc5 bxc5 45. f3 Nd6 46. Rb1 Nc4 47. Rb3 Rf6 48. Bd3 Nb2 49. Bc2 Nc4 50. Bd3 Nd6 51. Rxa3 c4 52. Bc2 Nxb5 53. Ra5 Rb6 54. h4 c3 55. Kf2 Rb4 56. Ke3 c6 57. Ba4 Nd4 58. Rf2 cxd5 59. exd5 Rb2 60. g4 Rxf2 61. Kxf2 Rb2+ 62. Ke3 Rxa2 63. Rc5 Rxa4 64. Rxc3 hxg4 65. fxg4 f5 66. Rc7+ Kf8 67. h5 gxh5 68. gxh5 Ra3+ 69. Kd2 Rh3 70. d6 Rxh5 71. Rc8+ Kf7 72. d7 Ne6 73. Re8 Rh4 74. d8Q Nxd8 75. Rxd8 Rd4+ 0-1

[Event "Arad op 12th"]
[Site "Arad"]
[Date "2019.07.26"]
[Round "4"]
[White "Magold, Victor"]
[Black "Ardeleanu, Alin"]
[Result "0-1"]
[WhiteElo "1962"]
[BlackElo "2323"]
[PlyCount "120"]
[EventDate "2019.07.24"]
[EventType "swiss"]
[EventRounds "9"]
[EventCountry "ROU"]
[SourceTitle "CBM 191 Extra"]
[Source "ChessBase"]
[SourceDate "2019.09.30"]
[SourceVersion "1"]
[SourceVersionDate "2019.09.30"]
[SourceQuality "1"]

1. d4 Nf6 2. Nf3 c5 3. g3 g6 4. Bg2 Bg7 5. 0-0 cxd4 6. Nxd4 0-0 7. c4 Nc6 8. Nc3 Qa5 9. Nc2 d6 10. Rb1 Ne5 11. Ne3 Be6 12. Qb3 Rab8 13. Ncd5 Rfe8 14. Nxf6+ Bxf6 15. Bd5 Bxd5 16. Nxd5 Rec8 17. Nxf6+ exf6 18. Bf4 Qa6 19. Bxe5 fxe5 20. Rbc1 Rc6 21. Rfd1 Rbc8 22. a3 Rc5 23. Rc3 Qc6 24. Rcd3 Rd8 25. Rd5 Rxc4 26. Rxd6 Rxd6 27. Rxd6 Rc1+ 28. Rd1 Qb6 29. Qd3 Qxb2 30. Rxc1 Qxc1+ 31. Kg2 Qc6+ 32. f3 a6 33. Qe3 Qb5 34. g4 h6 35. h4 Kh7 36. h5 gxh5 37. gxh5 Kg7 38. Qe4 Qb2 39. Qg4+ Kf8 40. Qc8+ Kg7 41. Qg4+ Kf6 42. Qh4+ Ke6 43. Qc4+ Ke7 44. Qc5+ Kf6 45. Qe3 Kg7 46. Qe4 b5 47. Qg4+ Kf6 48. Qh4+ Ke6 49. Qe4 Qxa3 50. Qc6+ Qd6 51. Qe8+ Kf6 52. e4 Kg7 53. Qc8 b4 54. Kg3 a5 55. Qg4+ Kf6 56. Qh4+ Ke6 57. Qh3+ Ke7 58. Qc8 a4 59. Qb7+ Kf6 60. Qc8 a3 0-1

[Event "Arad op 12th"]
[Site "Arad"]
[Date "2019.07.25"]
[Round "2"]
[White "Magold, Victor"]
[Black "Bonte, Andrei Mihai"]
[Result "1/2-1/2"]
[WhiteElo "1962"]
[BlackElo "2337"]
[PlyCount "112"]
[EventDate "2019.07.24"]
[EventType "swiss"]
[EventRounds "9"]
[EventCountry "ROU"]
[SourceTitle "CBM 191 Extra"]
[Source "ChessBase"]
[SourceDate "2019.09.30"]
[SourceVersion "1"]
[SourceVersionDate "2019.09.30"]
[SourceQuality "1"]

1. d4 Nf6 2. Nf3 e6 3. g3 b6 4. Bg2 Bb7 5. 0-0 c5 6. c4 cxd4 7. Nxd4 Bxg2 8. Kxg2 Qc8 9. Qd3 Nc6 10. Nxc6 Qxc6+ 11. Kg1 Be7 12. b3 0-0 13. Ba3 Bxa3 14. Nxa3 Rfd8 15. Rac1 a6 16. Rfd1 Rac8 17. Qe3 h5 18. Nc2 d5 19. Nd4 Qc5 20. cxd5 Qxd5 21. Rd3 Ng4 22. Qd2 Ne5 23. Rxc8 Rxc8 24. Nf5 Qxd3 25. exd3 Nf3+ 26. Kg2 Nxd2 27. Ne7+ Kf8 28. Nxc8 b5 29. f4 Nb1 30. a4 bxa4 31. bxa4 Nc3 32. a5 Nd5 33. Kf3 Nb4 34. Ke3 Nc6 35. Nb6 Nxa5 36. Nd7+ Ke7 37. Nc5 Kd6 38. Nxa6 Nc6 39. Ke4 g6 40. Ke3 f6 41. Ke4 Ne7 42. Nb4 Nf5 43. Nc2 Kc5 44. Ne1 Nd6+ 45. Ke3 Kd5 46. Nf3 Nf5+ 47. Kf2 Nd4 48. Nh4 g5 49. fxg5 fxg5 50. Nf3 Nxf3 51. Kxf3 Kd4 52. Ke2 g4 53. Kd2 e5 54. Ke2 e4 55. dxe4 Kxe4 56. Kf2 Kd3 1/2-1/2

[Event "HUN-ch U16"]
[Site "Balatonlelle"]
[Date "2019.06.28"]
[Round "9"]
[White "Bakos, Balazs1"]
[Black "Magold, Victor"]
[Result "0-1"]
[WhiteElo "1940"]
[BlackElo "1968"]
[PlyCount "102"]
[EventDate "2019.06.21"]
[EventType "swiss"]
[EventRounds "9"]
[EventCountry "HUN"]
[SourceTitle "CBM 191 Extra"]
[Source "ChessBase"]
[SourceDate "2019.09.30"]
[SourceVersion "1"]
[SourceVersionDate "2019.09.30"]
[SourceQuality "1"]

1. e4 c5 2. Nf3 e6 3. d4 cxd4 4. Nxd4 a6 5. Nc3 Qc7 6. Be2 Nf6 7. 0-0 d6 8. Be3 Be7 9. f4 0-0 10. Qe1 Nc6 11. Qg3 Rd8 12. Bd3 d5 13. exd5 Nxd4 14. Bxd4 Bc5 15. Bxc5 Qxc5+ 16. Kh1 exd5 17. f5 Bd7 18. Ne2 Bb5 19. a4 Bxd3 20. Qxd3 Re8 21. Nd4 Re4 22. Nb3 Qd6 23. Qg3 Qc6 24. Qf2 Rxa4 25. Rxa4 Qxa4 26. Qb6 Qc6 27. Qxc6 bxc6 28. Nc5 Rb8 29. b3 a5 30. h3 Rb5 31. Nd3 Ne4 32. Ra1 Ng3+ 33. Kh2 Nxf5 34. b4 a4 35. Rxa4 f6 36. Ra7 Kf8 37. c3 Rb8 38. Nc5 Re8 39. Nd7+ Kg8 40. Rc7 Re7 41. Rc8+ Kf7 42. Nb8 Re2 43. Rxc6 Ne3 44. b5 Rxg2+ 45. Kh1 Rb2 46. Rc5 Ke6 47. Na6 Ke5 48. Nb4 Ke4 49. Nxd5 Nxd5 50. c4 Ne3 51. b6 Rxb6 0-1

[Event "HUN-ch U16"]
[Site "Balatonlelle"]
[Date "2019.06.27"]
[Round "8"]
[White "Magold, Victor"]
[Black "Fodor, Kornel"]
[Result "0-1"]
[WhiteElo "1968"]
[BlackElo "1926"]
[PlyCount "120"]
[EventDate "2019.06.21"]
[EventType "swiss"]
[EventRounds "9"]
[EventCountry "HUN"]
[SourceTitle "CBM 191 Extra"]
[Source "ChessBase"]
[SourceDate "2019.09.30"]
[SourceVersion "1"]
[SourceVersionDate "2019.09.30"]
[SourceQuality "1"]

1. d4 Nf6 2. c4 g6 3. Nf3 Bg7 4. g3 0-0 5. Bg2 d6 6. 0-0 Nbd7 7. Nc3 e5 8. h3 c6 9. e4 Qb6 10. d5 Nc5 11. Re1 cxd5 12. Nxd5 Nxd5 13. cxd5 f5 14. exf5 Bxf5 15. Be3 Qxb2 16. Bxc5 dxc5 17. Re2 Qb6 18. Nxe5 Bxe5 19. Rxe5 Qd6 20. Qe1 c4 21. Qe3 b5 22. Re1 b4 23. Re7 Rf7 24. Rxf7 Kxf7 25. Qd4 c3 26. Re6 Qd8 27. Qxb4 c2 28. Re1 Rb8 29. Qd2 Rb1 30. Kh2 Qb6 31. d6 Rxe1 32. Qxe1 Qxd6 33. Qc3 h5 34. h4 Qf6 35. Bd5+ Kg7 36. Qc7+ Kh6 37. Bg8 g5 38. hxg5+ Qxg5 39. Qc6+ Qg6 40. Qc4 Qg5 41. f4 Qd8 42. Bd5 c1Q 43. Qxc1 Qxd5 44. Qb2 Kg6 45. Qe2 Qc6 46. Qe7 Qc2+ 47. Kg1 Qb1+ 48. Kf2 Qxa2+ 49. Kg1 Qb1+ 50. Kf2 Qa2+ 51. Kg1 Bg4 52. Qe4+ Kh6 53. Qc6+ Qe6 54. Qc1 Bf5 55. Qc3 Qb6+ 56. Kg2 Be4+ 57. Kf1 Qb1+ 58. Ke2 Qc2+ 59. Qxc2 Bxc2 60. Kd2 Bf5 0-1